Human behaviour at work (Record no. 76216)

MARC details
000 -LEADER
fixed length control field 01265nam a2200265 a 4500
008 - FIXED-LENGTH DATA ELEMENTS--GENERAL INFORMATION
fixed length control field 120416s1981 ||||||||||||||||| || u
020 ## - INTERNATIONAL STANDARD BOOK NUMBER
International Standard Book Number 007015516X
050 ## - LIBRARY OF CONGRESS CALL NUMBER
Classification number HD 6955 Dav
100 ## - MAIN ENTRY--PERSONAL NAME
Personal name Davis, Keith, 1918-
245 10 - TITLE STATEMENT
Title Human behaviour at work
246 ## -
-- organizational behaviour
250 ## - EDITION STATEMENT
Edition statement 6th ed.
260 ## - PUBLICATION, DISTRIBUTION, ETC.
Place of publication, distribution, etc. New York
Name of publisher, distributor, etc. McGraw-Hill
Date of publication, distribution, etc. 1981
300 ## - PHYSICAL DESCRIPTION
Extent xviii, 582 pages : illustrations
350 ## -
-- 0.00
490 ## -
-- McGraw-Hill series in management
500 ## - GENERAL NOTE
General note Includes bibliographical references and indexes.
650 ## - SUBJECT ADDED ENTRY--TOPICAL TERM
Topical term or geographic name entry element ORGANIZATIONAL BEHAVIOUR
650 ## - SUBJECT ADDED ENTRY--TOPICAL TERM
Topical term or geographic name entry element INDUSTRIAL SOCIOLOGY
650 ## - SUBJECT ADDED ENTRY--TOPICAL TERM
Topical term or geographic name entry element INDUSTRY
995 ## -
-- BINDERY (DAMAGED)
-- 0.00
-- 714181
-- CBU-MAIN LIBRARY (Kitwe)
-- 3
-- 0.00
-- HD 6955 Dav
-- 2
-- DAMAGED
-- 003637
-- Main Library Open Access Collection
995 ## -
-- MAIN LIBRARY OPEN ACCESS
-- 0.00
-- 714184
-- CBU-MAIN LIBRARY (Kitwe)
-- 1
-- 0.00
-- HD 6955 Dav
-- 3
-- AVAILABLE
-- 003638
-- Main Library Open Access Collection
995 ## -
-- MAIN LIBRARY OPEN ACCESS
-- 0.00
-- 714182
-- CBU-MAIN LIBRARY (Kitwe)
-- 2
-- 0.00
-- HD 6955 Dav
-- 1
-- AVAILABLE
-- 003636
-- Main Library Open Access Collection
995 ## -
-- BINDERY (DAMAGED)
-- 0.00
-- 714183
-- CBU-MAIN LIBRARY (Kitwe)
-- 4
-- 0.00
-- HD 6955 Dav
-- 4
-- DAMAGED
-- 003639
-- Main Library Open Access Collection
999 ## -
-- 76216
-- 76216
Holdings
Withdrawn status Lost status Source of classification or shelving scheme Damaged status Not for loan Permanent Location Current Location Shelving location Date acquired Total Checkouts Full call number Barcode Date last seen Copy number Price effective from Koha item type Date last checked out
          CBU-MAIN LIBRARY, KITWE. CBU-MAIN LIBRARY, KITWE.   04/25/2023   HD 6955 Dav 003637 04/25/2023 1 04/25/2023 MONOGRAPH  
          CBU-MAIN LIBRARY, KITWE. CBU-MAIN LIBRARY, KITWE.   04/25/2023   HD 6955 Dav 003638 04/25/2023 2 04/25/2023 MONOGRAPH  
          CBU-MAIN LIBRARY, KITWE. CBU-MAIN LIBRARY, KITWE.   04/25/2023 1 HD 6955 Dav 003636 04/23/2024 3 04/25/2023 MONOGRAPH 03/20/2024
          CBU-MAIN LIBRARY, KITWE. CBU-MAIN LIBRARY, KITWE.   04/25/2023   HD 6955 Dav 003639 04/25/2023 4 04/25/2023 MONOGRAPH